Statistics for FIFA 20 - Italian Player Names

Click here to take the quiz!

General Stats

  • This quiz has been taken 207 times
  • The average score is 17 of 24

Answer Stats

SurnameName% Correct
VerrattiMarco
100%
PirloAndrea
96%
BuffonGianluigi
95%
ParoloMarco
95%
BalotelliMario
94%
BelottiAndrea
92%
ImmobileCiro
91%
TottiFrancesco
88%
TonaliSandro
88%
MaldiniPaolo
84%
BaggioRoberto
82%
InsigneLorenzo
79%
GattusoGennaro
78%
ChielliniGiorgio
76%
DonnarumaGianluigi
75%
BarellaNicolò
75%
NestaAlessandro
72%
BaresiFranco
71%
BonucciLeonardo
71%
KeanMoise
69%
Del PieroAlessandro
68%
FlorenziAlessandro
68%
CannavaroFabio
68%
VerdiSimone
67%
ZazaSimone
67%
De RossiDaniele
65%
ZolaGianfranco
61%
RuganiDaniele
59%
AcerbiFrancesco
59%
PellegriniLorenzo
57%
ZanioloNicolò
57%
InzaghiFilippo
56%
QuagliarellaFabio
55%
El ShaarawyStephan
55%
VieriChristian
50%
CriscitoDomenico
50%
De SciglioMattia
50%
SiriguSalvatore
48%
CutronePatrick
47%
ZambrottaGianluca
46%
GiovincoSebastian
44%
PerrinMattia
43%
CandrevaAntonio
42%
LasagnaKevin
41%
BernardeschiFederico
40%
RomagnoliAlessio
32%
OgbonnaAngelo
30%
BonaventuraGiacomo
25%
PicciniCristiano
20%
PolitanoMetteo
0%

Score Distribution

Percentile by Number Answered

Percent of People with Each Score

Your Score History

You have not taken this quiz